000 00577nam a2200205 u 4500
005 20220521063721.0
008 090521s2006 es r 000 0 spa d
020 _a8495895374
035 _aUPN01000170566
049 _aCG
050 4 _aPQ6651 V5.4
_bL4.3
100 1 _aAvila Pardo, Constantino,
_d1944-
_932636
245 1 3 _aEl legado de los zares /
_cConstantino Avila.
260 _aValencia, Esp. :
_bBrief,
_c2006.
300 _a145 p.
440 0 _aHistorias con miga
650 0 _aCuentos espaƱoles
_912796
650 0 _aAbuelos y nietos
_911989
905 _aLibro
999 _c142671
_d142671